| 000 | 00778cam a2200253 a 4500 | ||
|---|---|---|---|
| 003 | CO-CtgCURN | ||
| 005 | 20250331184429.0 | ||
| 007 | ta | ||
| 008 | 970402s1996 ck fr 000 0 spa d | ||
| 020 | _a958330428X | ||
| 040 |
_aCO-CtgCURN _bspa _ccoctgcurn |
||
| 082 | 0 | 4 |
_a343.04 _bA489f |
| 100 | 1 | _aAmaya Olaya, Uriel Alberto. | |
| 245 | 1 | 0 |
_aFundamentos constitucionales de control fiscal / _cUriel Alberto Amaya Olaya. |
| 260 |
_aSantafe de Bogotá : _bUmbral, _c1996. |
||
| 300 | _a511 p. | ||
| 336 | _2rdacontent | ||
| 337 |
_2rdamedia _asin mediacion _bn |
||
| 338 |
_2rdacarrier _avolumen _bnc |
||
| 590 | _aDerecho | ||
| 650 | 1 | 4 |
_aDerecho fiscal. _2LEMB |
| 942 |
_cBK _h343.04 _iA489f _2ddc |
||
| 999 |
_c19387 _d19387 |
||